The Art of Gears of War 3.
Guardat en:
| Altres autors: | , |
|---|---|
| Format: | Llibre |
| Idioma: | anglès |
| Publicat: |
Adelaide, Australia:
Ballistic Publishing,
2012.
|
| Matèries: | |
| Etiquetes: |
Afegir etiqueta
Sense etiquetes, Sigues el primer a etiquetar aquest registre!
|
MARC
| LEADER | 00000nam a22000007a 4500 | ||
|---|---|---|---|
| 003 | CL-VaPUC | ||
| 005 | 20250321101922.0 | ||
| 008 | 250116t2012 ||||| |||| 00| 0 eng d | ||
| 999 | |c 446566 |d 446564 | ||
| 020 | |a 978-1-921828-15-7 | ||
| 040 | |c Pontificia Universidad Católica de Valparaíso | ||
| 082 | |2 22 |a 793.9320222 GRA 2012 | ||
| 100 | |9 895471 |a Gramazio, Ronnie |e editor | ||
| 245 | |a The Art of Gears of War 3. | ||
| 260 | |a Adelaide, Australia: |b Ballistic Publishing, |c 2012. | ||
| 300 | |a 317 páginas: |b ilustraciones. | ||
| 500 | |a c.1-2: Instituto Arcos. 08-01-2025 | ||
| 583 | |c 20250116 |k Yessy Sthefany Diaz Vidal | ||
| 650 | 0 | |9 536738 |a Videojuegos |x Personajes |v Arte y diseño | |
| 650 | 0 | |9 564940 |a Juegos por computador |x Acción, aventura, etc. |v Diseño artístico | |
| 700 | |9 895473 |a Bleszinski, Cliff |e desgin director | ||
| 942 | |2 ddc |c BK |n 0 | ||
| 952 | |0 0 |1 0 |2 ddc |4 0 |6 793_932022200000000_GRA_2012 |7 0 |8 A |9 599417 |a BIBINC |b BIBINC |d 2025-01-16 |e Instituto Arcos |i 5664282 |l 1 |o 793.9320222 GRA 2012 |p 5664282 |r 2025-04-02 |s 2025-04-01 |t 1 |w 2025-01-16 |y BK |k IFP | ||
| 952 | |0 0 |1 0 |2 ddc |4 0 |6 793_932022200000000_GRA_2012 |7 0 |8 A |9 599418 |a BIBINC |b BIBINC |d 2025-01-16 |e Instituto Arcos |i 5664283 |o 793.9320222 GRA 2012 |p 5664283 |r 2025-01-16 |t 2 |w 2025-01-16 |y BK |k IFP | ||